Kuchyňa bez problémov

Gespeichert in:
Bibliographische Detailangaben
1. Verfasser: Kuhnová, Erika (Verfasst von)
Format: Buch
Sprache:Slowakisch
Veröffentlicht: Bratislava : Jaga group, 2005
Ausgabe:1.vyd.
Tags: Tag hinzufügen
Keine Tags, Fügen Sie das erste Tag hinzu!

MARC

LEADER 00000nam a22000003a 4500
001 stu158911
005 20150617225956.3
008 080229s2005----xo------------------slo-d
020 |a 80-8076-019-5 
040 |a STU  |b slo 
041 0 |a slo 
044 |a xo 
080 |a 643.3 
100 1 |a Kuhnová, Erika  |4 aut 
245 1 |a Kuchyňa bez problémov 
250 |a 1.vyd. 
260 |a Bratislava :  |b Jaga group,  |c 2005 
300 |a 231 s.;obr 
996 |b 284V018252  |c V*49919/O-22166  |l VVT  |s A  |a 24  |w stu158911_0001